Ligne 1 du Métro Parisien - Statistiques

Statistiques générales
  • Ce quiz a été pris 121 fois
  • Le résultat moyen est 11 sur 25
Réponses sur la Carte
Les réponses sont colorées sur une échelle allant du rouge au vert en fonction du pourcentage des utilisateurs qui les ont devinées à leur premier essai. Vous pouvez retrouver ces pourcentages ci-dessous.
 
Statistiques - réponses
Réponse % Correct
La Défense
98%
Esplanade de la Défense
84%
Pont de Neuilly
63%
Les Sablons
56%
Château de Vincennes
49%
Charles de Gaulle-Etoile
47%
Louvre-Rivoli
47%
Argentine
44%
Champs-Élysées-Clemenceau
44%
Concorde
44%
Hôtel de Ville
44%
Palais Royal-Musée du Louvre
44%
Porte Maillot
44%
George V
42%
Tuileries
42%
Châtelet
40%
Franklin D. Roosevelt
40%
Nation
37%
Porte de Vincennes
37%
Saint-Paul
37%
Gare de Lyon
35%
Reuilly Diderot
35%
Bastille
33%
Saint-Mandé
33%
Bérault
30%
Aucun quiz correspondant
Distribution des résultats
% des personnes avec chaque résultat
Percentile par nombre de réponses
Votre historique - résultats
Vous n’avez pas pris ce quiz